000 00285nam a2200109Ia 4500
008 221009s9999 xx 000 0 und d
082 _a303/CHA
100 _aCHATTERJEE,ATRI KUMAR
_981248
245 0 _aColonial Criminal Justice
260 _bIstitute of Historical Studies
942 _cBK
999 _c64914
_d64914